| 000 | 01352cam a22003617a 4500 | ||
|---|---|---|---|
| 003 | CHAP | ||
| 005 | 20220329142730.0 | ||
| 008 | 010920d2001 mx r 00110 spa d | ||
| 010 | _a86998 | ||
| 011 | _a87970 | ||
| 035 | _a98515 | ||
| 040 | _cCHAP | ||
| 090 | _aTesis | ||
| 100 | 0 | 0 |
_aCárdenas Lozano, Jesús Antonio. _924073 |
| 245 | 1 | 0 |
_aEvaluación del clon FHIA-01 al daño de Mycosphaerella fijiensis (Cercospora fijiensis) en tres cultivares de plátano en la Costa de Nayarit _c/por Jesús Antonio Cárdenas Lozano |
| 260 |
_aChapingo, Méx. : _bEl autor, _c2002. |
||
| 300 | _a56 h. | ||
| 502 | _aTesis (Ing. Agr. Esp. en Parasitología Agrícola) -- UACH. Departamento de Parasitología Agrícola | ||
| 590 |
_aALEPH _b10 _c20130110 _lUCH01 _h1452 |
||
| 590 |
_aBATCH-UPD _b10 _c20130110 _lUCH01 _h0507 |
||
| 590 |
_aBATCH-UPD _b10 _c20130410 _lUCH01 _h0145 |
||
| 590 |
_aBATCH-UPD _b10 _c20130914 _lUCH01 _h0950 |
||
| 590 |
_aCONVERSION _b10 _c20130109 _lUCH01 _h1348 |
||
| 650 | 1 | 4 |
_aClones. _923894 |
| 650 | 1 | 4 |
_aMycosphaerella fijiensis. _979933 |
| 650 | 1 | 4 |
_aPlátano _xEnfermedades. _989231 |
| 650 | 1 | 4 |
_aPlátano _xNayarit. _989254 |
| 901 | _aBK | ||
| 905 | _aAlejandra Carrasco M. | ||
| 942 | _cFOLL | ||
| 949 |
_aTesis _bBC _cTES _d33724000883872 _eTS2 _fc.2 _h40719 _i98515 _sb |
||
| 949 |
_aTesis _bBC _cTES _d985151 _eTS1 _h40718 _i98515 _sb |
||
| 999 |
_c86998 _d86998 |
||